| 000 | 00594nam a2200181 a 4500 | ||
|---|---|---|---|
| 001 | 000036696 | ||
| 005 | 20200930075859.0 | ||
| 008 | 120125s1965 cl 000 0 spa d | ||
| 040 |
_aDO-SdBNP _bspa _cBNPHU |
||
| 082 |
_axxx _bJ75h, 1965 |
||
| 100 | 1 |
_aJoly, Eugene _962988 |
|
| 245 | 1 | 3 |
_aEl hermoso riesgo de la fe : _bmeditaciones / _cEugene Joly ; traducción de Jesús Sánchez Díaz. |
| 250 | _a2a ed. | ||
| 260 |
_aBogotá : _bEdiciones Paulinas, _c1965. |
||
| 300 |
_a229 p. ; _c17 cm. |
||
| 500 | _aIncluye notas al pie de las páginas. | ||
| 700 | 1 |
_aSánchez Díaz, Jesús, _etr. _962989 |
|
| 999 |
_c36187 _d36187 |
||